Các thành hoàng và tín ngưỡng Thăng Long - Hà Nội /
Đã lưu trong:
| Tác giả chính: | |
|---|---|
| Tác giả khác: | |
| Định dạng: | Sách giấy |
| Ngôn ngữ: | Vietnamese |
| Được phát hành: |
H. :
Lao động,
2009.
|
| Những chủ đề: | |
| Các nhãn: |
Thêm thẻ
Không có thẻ, Là người đầu tiên thẻ bản ghi này!
|
| Thư viện lưu trữ: | Thư viện Trường Đại học Đà Lạt |
|---|
| LEADER | 00888nam a2200325 4500 | ||
|---|---|---|---|
| 001 | DLU120136109 | ||
| 005 | ##20120606 | ||
| 040 | # | # | |a DLU |b vie |
| 041 | # | # | |a vie |
| 044 | # | # | |a vn |
| 082 | # | # | |a 299.592 |b NG-P |
| 100 | # | # | |a Nguyễn Vinh Phúc. |
| 245 | # | # | |a Các thành hoàng và tín ngưỡng Thăng Long - Hà Nội / |c Nguyễn Vinh Phúc, Nguyễn Duy Hinh. |
| 260 | # | # | |a H. : |b Lao động, |c 2009. |
| 300 | # | # | |a 393 tr. ; |c 21 cm. |
| 504 | # | # | |a Tài liệu tham khảo: tr. 392-393. |
| 650 | # | # | |a Thần, Việt Nam. |
| 651 | # | # | |a Hà Nội (Việt Nam) |x Đời sống tôn giáo và tập quán. |
| 700 | # | # | |a Nguyễn Duy Hinh |
| 923 | # | # | |a 01/2012DP |
| 991 | # | # | |a SH |
| 992 | # | # | |a 58000 |
| 994 | # | # | |a KDP |
| 900 | # | # | |a True |
| 911 | # | # | |a Đào Thị Thu Huyền |
| 925 | # | # | |a G |
| 926 | # | # | |a A |
| 927 | # | # | |a SH |
| 980 | # | # | |a Thư viện Trường Đại học Đà Lạt |